000 00564nam a2200193Ia 4500
008 120814t2002 xxu||||| |||| 00| 0 sin d
041 _asin
080 _a8-31 (eng)
_bHAR
100 _aHardi,Thomas
245 _aසෙබලාගේ ප්‍රේමය
246 _aSebalage Premaya
260 _aM. D. Gunasena
_aColombo
_c2002
300 _b168p, 21 cm
500 _aSinhalese Translation of Thomas Hardi's of The Trumpet Major
700 _aWickramasinghe,Suraweera
_etr.
942 _cBK
999 _c40592
_d40592
003 LK-CoDNM
040 _aLK-CoDNM
_dLK-CoDNM
_eLK-CoDNM